UM Logo

A first course in differential equations with modeling applications / (Record no. 10693)

MARC details
000 -LEADER
fixed length control field 00620nam a22001817a 4500
008 - FIXED-LENGTH DATA ELEMENTS--GENERAL INFORMATION
fixed length control field 180917b ||||| |||| 00| 0 eng d
020 ## - INTERNATIONAL STANDARD BOOK NUMBER
International Standard Book Number 978-1-305-96572-0
082 ## - DEWEY DECIMAL CLASSIFICATION NUMBER
Edition number 2018
Classification number DC 515.35
Item number Z651
100 ## - MAIN ENTRY--PERSONAL NAME
Personal name Zill, Dennis G.
9 (RLIN) 31205
245 ## - TITLE STATEMENT
Title A first course in differential equations with modeling applications /
Statement of responsibility, etc. Dennis G. Zill
250 ## - EDITION STATEMENT
Edition statement Eleventh Edition
260 ## - PUBLICATION, DISTRIBUTION, ETC. (IMPRINT)
Place of publication, distribution, etc. Australia :
Name of publisher, distributor, etc. Cengage Learning,
Date of publication, distribution, etc. ©2018
300 ## - PHYSICAL DESCRIPTION
Extent x, 389 pages :
Other physical details illustrations;
Dimensions 28 cm.
500 ## - GENERAL NOTE
General note Includes appendix and index.
650 ## - SUBJECT ADDED ENTRY--TOPICAL TERM
Topical term or geographic name as entry element Differential equations -- Textbooks
9 (RLIN) 31206
365 ## - TRADE PRICE
Price amount 10,500
Currency code Php
942 ## - ADDED ENTRY ELEMENTS (KOHA)
Source of classification or shelving scheme Dewey Decimal Classification
Koha item type Circulation
Holdings
Withdrawn status Lost status Source of classification or shelving scheme Damaged status Not for loan Collection code Home library Current library Date acquired Source of acquisition Cost, normal purchase price Total Checkouts Full call number Barcode Date last seen Copy number Price effective from Koha item type
    Dewey Decimal Classification     Circulation UM Digos College - LIC UM Digos College - LIC 08/16/2018 Purchased 10500.00   DC 515.35 Z651 2018 25220 05/15/2025 1 09/17/2018 Circulation